00977cam a22002535a 4500008004100000020001800041040002800059082002100087100002200108245012100130250001200251260005800263300002600321500002400347504003100371590002900402650005200431650003800483651001000521653002500531942000800556999001700564952014200581161107s2008 enk frb 001 0 eng d a9780230000315 aEG-ScBUEbengdEG-ScBUE04a320.014bNEG2221 aNegrine, Ralph M.14aThe transformation of political communication :bcontinuities and changes in media and politics /cRalph M. Negrine. a1st ed. aBasingstoke ;aNew York :bPalgrave Macmillan,c2008. axiv, 226 p. ;c25 cm. aIndex : p. 220-226. aBibliography : p. 205-219. ashima ; revised by Fouad 7aCommunicationxPolitical aspects.2BUEsh939383 7aCommunication in politics.2BUEsh 2BUEsh bCOMAMEcNovember2016 2ddc c23043d23015 00102ddc40708BaccahaMAINbMAINc1STd2016-11-07ePurchaseg280.00h25840l0o320.014 NEGp000045215r2025-07-15 00:00:00v350.00yBB